| 000 | 00473 a2200145 4500 | ||
|---|---|---|---|
| 020 | _a190399649X | ||
| 082 | _a620.11822 BAT | ||
| 100 | _aBathias, Claude | ||
| 245 |
_aRepairing structures using composite wraps / _cedited by Claude Bathias ... [et al.]. |
||
| 260 |
_aLondon : _bHermes Penton Science, _c2003. |
||
| 300 |
_a350 p. : _bill. ; _c24 cm. |
||
| 650 | _aComposite materials | ||
| 650 | _aStructural stability | ||
| 650 | _aStructural engineering | ||
| 650 |
_aStructural failures _xPrevention |
||
| 999 |
_c826 _d826 |
||